00295nam a22001097a 4500008004100000082001300041100003500054245003300089260004200122300001200164440000900176230619b xxu||||| |||| 00| 0 eng d a297bGIB cH. A. R. Gibb and Harold Bowen aIslamic Society and the West aLondonbOxford University Pressc1957 aIX,386p pIvI